[Event "Lichtenberger Sommer 2024"]
[Site "Berlin"]
[Date "2024.08.10"]
[Round "1.53"]
[White "Alten, Silvio"]
[Black "Schacht, Thomas"]
[Result "1-0"]
[WhiteElo "1948"]
[BlackElo "1704"]
[PlyCount "79"]
[EventDate "2024.08.10"]
[WhiteTeam "SV Mattnetz Berlin e.V."]
[BlackTeam "BSV 63 Chemie Weißensee"]

1. e4 c5 2. Nf3 e6 3. c3 d5 4. exd5 Qxd5 5. d4 cxd4 6. cxd4 Nf6 7. Nc3 Bb4 8.
a3 Bxc3+ 9. bxc3 O-O 10. Be2 Nc6 11. O-O b6 12. Bb2 Na5 13. Qd3 Bb7 14. c4 Qf5
15. Qxf5 exf5 16. Rac1 Ba6 17. Rfd1 Nd5 18. Bf1 Nf4 19. g3 Ne6 20. c5 Bxf1 21.
Kxf1 bxc5 22. d5 Nb3 23. Rc3 Ned4 24. Nxd4 Nxd4 25. Rxc5 Nf3 26. h4 Rfd8 27.
Kg2 Rab8 28. Bc3 Nxh4+ 29. gxh4 h6 30. Ba5 Rd7 31. Rc7 Rd6 32. Rc6 Rd7 33. d6
Rb5 34. Rc7 Rxd6 35. Rxd6 Rxa5 36. Rd8+ Kh7 37. Rxf7 Ra6 38. h5 Rf6 39. Rxa7 f4
40. Raa8 1-0

[Event "Lichtenberger Sommer 2024"]
[Site "Berlin"]
[Date "2024.08.10"]
[Round "1.54"]
[White "Zesewitz, Marco"]
[Black "Scheide, Helmut"]
[Result "0-1"]
[WhiteElo "1689"]
[BlackElo "1946"]
[Annotator "Luca"]
[PlyCount "108"]
[EventDate "2024.08.10"]

{[%evp 0,108,26,25,29,13,24,5,-7,-7,26,21,34,23,23,24,59,6,-1,-1,31,-67,-43,
-117,35,-54,-36,-33,-33,-33,-33,-52,-71,-71,0,-20,-24,18,0,0,0,0,0,-27,-25,
-146,-130,-375,-265,-263,-258,-270,-271,-284,-279,-280,-310,-326,-251,-285,
-287,-303,-296,-294,-300,-304,-297,-301,-271,-277,-241,-262,-241,-231,-256,
-249,-269,-278,-302,-327,-327,-317,-344,-346,-349,-354,-347,-352,-352,-433,
-430,-442,-430,-443,-425,-441,-441,-814,-448,-555,-290,-290,-219,-330,-351,
-351,-324,-349,-312,-363,-367]} 1. e4 e5 2. Nf3 Nc6 3. d4 exd4 4. Nxd4 Bc5 5.
Be3 Qf6 6. c3 Nge7 7. Bc4 Ne5 8. Bb3 Qg6 9. O-O d5 10. Nf5 Bxe3 11. fxe3 Nxf5
12. exf5 Bxf5 13. Qxd5 f6 14. Rxf5 Qxf5 15. Qxb7 Qc8 16. Qe4 Ke7 17. Nd2 Qg4
18. Qb7 Qc8 19. Qb4+ c5 20. Qe4 Rd8 21. Qxh7 Qg4 22. Ne4 Rh8 23. Nxf6 Rxh7 24.
Nxg4 Nxg4 25. h3 Ne5 26. Bc2 Rhh8 27. Rf1 Rhf8 28. Rf4 g5 29. Re4 Kd6 30. b4
cxb4 31. cxb4 Rac8 32. Bb3 Rc1+ 33. Kh2 Rfc8 34. Rd4+ Ke7 35. Rd5 Kf6 36. Rd6+
Kg7 37. Re6 Ng6 38. b5 R1c5 39. b6 axb6 40. Rxb6 Re5 41. a4 Rcc5 42. Rb7+ Ne7
43. Kg3 Rxe3+ 44. Kg4 Rcc3 45. Bd5 Rc5 46. Bb3 Rcc3 47. Bd5 Rcd3 48. Bc6 Kg6
49. Be8+ Kg7 50. Kxg5 Re2 51. a5 Rd5+ 52. Kf4 Rxa5 53. g4 Rc5 54. h4 Kf8 0-1

[Event "Lichtenberger Sommer 2024"]
[Site "Berlin"]
[Date "2024.08.10"]
[Round "1.55"]
[White "Reiche, Henry"]
[Black "Varazi, Maxime"]
[Result "1-0"]
[WhiteElo "1945"]
[BlackElo "1689"]
[Annotator "Luca"]
[PlyCount "111"]
[EventDate "2024.08.10"]

{[%evp 0,92,26,24,66,35,66,13,25,13,13,-25,-15,-39,-22,-39,-31,-30,-22,-40,-28,
-55,-30,-22,2,7,16,7,9,-33,-15,-15,-24,-33,-35,-54,-21,-24,0,2,19,19,69,32,74,
-20,-16,-2,0,0,0,1,26,17,49,29,54,51,44,58,68,72,77,89,92,90,115,90,81,83,83,
86,86,86,86,86,86,86,88,86,88,37,88,85,331,376,384,384,423,494,506,511,532,588,
588]} 1. e4 c5 2. Nc3 e6 3. g3 d5 4. exd5 exd5 5. Bg2 Nf6 6. Nf3 d4 7. Ne2 Be7
8. O-O O-O 9. d3 Nc6 10. a3 Be6 11. Bd2 a5 12. Nf4 Bd7 13. Re1 Re8 14. Ne5 Nxe5
15. Rxe5 Qc7 16. Re1 Bc6 17. h4 Bxg2 18. Kxg2 Qc6+ 19. Qf3 Qxf3+ 20. Kxf3 Bd6
21. Rxe8+ Rxe8 22. Ng2 b6 23. Bf4 Bxf4 24. Nxf4 Nd7 25. b4 Ne5+ 26. Kg2 axb4
27. axb4 Nc6 28. bxc5 bxc5 29. Nd5 Rd8 30. Ra6 Rxd5 31. Rxc6 f5 32. Rc7 Kf8 33.
f4 h5 34. Kf3 Kg8 35. Ke2 Kf8 36. Kd2 g6 37. Ke2 Ke8 38. Kf3 Kf8 39. Kf2 Kg8
40. Re7 Kf8 41. Re5 Rxe5 42. fxe5 Ke7 43. Kf3 Kf7 44. Kf4 Ke6 45. Kg5 Kxe5 46.
Kxg6 f4 47. gxf4+ Kxf4 48. Kxh5 Kf5 49. Kh6 Kf6 50. h5 Ke5 51. Kg5 Kd5 52. h6
c4 53. h7 cxd3 54. cxd3 Kc5 55. h8=Q Kb4 56. Qxd4+ 1-0

[Event "Lichtenberger Sommer 2024"]
[Site "Berlin"]
[Date "2024.08.10"]
[Round "1.56"]
[White "Kaplan, Arne"]
[Black "Nguyen, Phuc Nhat"]
[Result "0-1"]
[WhiteElo "1687"]
[BlackElo "1943"]
[PlyCount "88"]
[EventDate "2024.08.10"]
[WhiteTeam "Barnimer SF im SV Sta"]
[BlackTeam "TSG Oberschöneweide e.V."]

1. e4 d5 2. exd5 Qxd5 3. Nf3 Bg4 4. Be2 Nc6 5. d4 e6 6. O-O O-O-O 7. c4 Qf5 8.
Be3 Nf6 9. Nc3 Bd6 10. Nb5 Be7 11. Qa4 a6 12. Nc3 Bxf3 13. Bxf3 Nxd4 14. Bxd4
Rxd4 15. Qb3 c6 16. Na4 Rd3 17. Qb6 Nd7 18. Qa7 Kc7 19. Rad1 Bc5 20. Nxc5 Qxc5
21. Qxc5 Nxc5 22. b4 Rxd1 23. Rxd1 Nd7 24. h4 Rd8 25. Be2 Nf6 26. Rxd8 Kxd8 27.
g3 Kc7 28. Kg2 Ne4 29. Kf3 Nc3 30. Bd3 Nxa2 31. Bxh7 Nxb4 32. Bg8 Nd3 33. Ke3
Ne5 34. Kd4 Nd7 35. Bxf7 Kd6 36. g4 c5+ 37. Ke4 Ne5 38. Bh5 Nxc4 39. g5 b5 40.
Be2 Ke7 41. Kf4 a5 42. h5 a4 43. Bd3 a3 44. Bb1 Nd2 0-1

[Event "Lichtenberger Sommer 2024"]
[Site "Berlin"]
[Date "2024.08.10"]
[Round "1.57"]
[White "Beduschi, Ben"]
[Black "Schmidt, Alexander Nadvid"]
[Result "1-0"]
[WhiteElo "1941"]
[BlackElo "1683"]
[PlyCount "37"]
[EventDate "2024.08.10"]
[WhiteTeam "Barnimer SF im SV Sta"]
[BlackTeam "SK Zehlendorf e.V."]

1. d4 d5 2. Nf3 Nf6 3. c3 Bf5 4. Qb3 Qc8 5. c4 e6 6. Nc3 c6 7. cxd5 exd5 8. Bf4
Nbd7 9. Rc1 Nb6 10. Nb5 Nh5 11. Nc7+ Kd8 12. Nxa8 Nc4 13. Ne5 Nxf4 14. Nxf7+
Ke8 15. Nxh8 Bd6 16. e3 Ne6 17. Bxc4 dxc4 18. Qxc4 Qxa8 19. e4 1-0

[Event "Lichtenberger Sommer 2024"]
[Site "Berlin"]
[Date "2024.08.10"]
[Round "1.58"]
[White "Siebert, Marco Leander"]
[Black "Argote, Carlos David"]
[Result "0-1"]
[WhiteElo "1683"]
[BlackElo "1941"]
[PlyCount "112"]
[EventDate "2024.08.10"]
[WhiteTeam "SC Tempo Göttingen"]

1. e4 c5 2. Nf3 d6 3. d4 cxd4 4. Nxd4 Nf6 5. Nc3 g6 6. Be3 Bg7 7. f3 O-O 8. Qd2
Nc6 9. O-O-O Nxd4 10. Bxd4 Be6 11. h4 Qa5 12. Kb1 Rfc8 13. Nd5 Qxd2 14. Nxf6+
Bxf6 15. Rxd2 Bxd4 16. Rxd4 Rc5 17. g4 Rac8 18. Rh2 Kg7 19. Rhd2 h6 20. Be2 g5
21. Rb4 R8c7 22. hxg5 hxg5 23. Bd3 Bc4 24. Bxc4 Rxc4 25. Rb5 R4c5 26. Rxc5 Rxc5
27. c3 Kf6 28. Kc2 Ke5 29. b4 Rc8 30. Rd5+ Kf6 31. Kd3 Rc6 32. Rf5+ Kg6 33. Ra5
a6 34. c4 Rc8 35. Kd4 e6 36. c5 dxc5+ 37. Rxc5 Rd8+ 38. Ke3 Rd1 39. Rc4 Rf1 40.
Kd4 Rxf3 41. Rc7 b5 42. Rc6 Ra3 43. Rc2 f6 44. e5 Rg3 45. exf6 Kxf6 46. Rc6
Rxg4+ 47. Kc3 Rc4+ 48. Rxc4 bxc4 49. Kxc4 g4 50. Kd3 Ke5 51. a4 Kd5 52. Ke3 Kc4
53. b5 axb5 54. axb5 Kxb5 55. Kf4 Kc4 56. Kxg4 e5 0-1

[Event "Lichtenberger Sommer 2024"]
[Site "Berlin"]
[Date "2024.08.10"]
[Round "1.59"]
[White "Reiche, Andreas"]
[Black "Luetzenberg, Fabian"]
[Result "1-0"]
[WhiteElo "1939"]
[BlackElo "1680"]
[PlyCount "37"]
[EventDate "2024.08.10"]
[WhiteTeam "SV Berolina Mitte e.V."]
[BlackTeam "vereinslos"]

1. e4 e5 2. Nc3 Nc6 3. Bc4 Nf6 4. d3 Na5 5. Nf3 Nxc4 6. dxc4 d6 7. c5 Be7 8.
cxd6 cxd6 9. Qd3 b6 10. Bg5 O-O 11. Bxf6 Bxf6 12. Rd1 Be7 13. Nd5 Bb7 14. O-O
Rc8 15. c3 Re8 16. Ne1 Bf8 17. Nc2 Qd7 18. Nce3 g6 19. Nf6+ 1-0

[Event "Lichtenberger Sommer 2024"]
[Site "Berlin"]
[Date "2024.08.10"]
[Round "1.60"]
[White "Fiß, Wolfgang"]
[Black "Manthe, Joern Horst"]
[Result "1-0"]
[WhiteElo "1876"]
[BlackElo "1437"]
[PlyCount "47"]
[EventDate "2024.08.10"]

1. d4 e6 2. c4 c6 3. Nc3 Nf6 4. Bg5 Be7 5. e3 h6 6. Bh4 g5 7. Bg3 d6 8. Qc2 a6
9. Bd3 Nbd7 10. Nge2 h5 11. h4 g4 12. O-O-O Nf8 13. Kb1 d5 14. Be5 Bd6 15. cxd5
cxd5 16. Nf4 Bxe5 17. dxe5 N6d7 18. Qa4 Qb6 19. Nb5 Kd8 20. Rc1 Nxe5 21. Nc7
Bd7 22. Nxa8 Bxa4 23. Nxb6 Nfd7 24. Nxa4 1-0

[Event "Lichtenberger Sommer 2024"]
[Site "Berlin"]
[Date "2024.08.10"]
[Round "1.61"]
[White "Küster, Finn"]
[Black "Rosmait, Emily"]
[Result "0-1"]
[WhiteElo "1679"]
[BlackElo "1939"]
[PlyCount "82"]
[EventDate "2024.08.10"]
[WhiteTeam "Spandauer SV e.V."]
[BlackTeam "TuRa Harksheide von 1945 Norders"]

1. Nf3 Nf6 2. c4 c5 3. e3 d5 4. cxd5 Nxd5 5. Bb5+ Bd7 6. Bxd7+ Nxd7 7. d4 e6 8.
O-O Be7 9. b3 cxd4 10. exd4 O-O 11. Bb2 Rc8 12. Nbd2 Nb4 13. Nc4 b5 14. Nce5
Nxe5 15. Nxe5 Rc2 16. Ba3 Qc7 17. Bxb4 Bxb4 18. a3 Ba5 19. Nc4 Rc3 20. Nxa5
Qxa5 21. b4 Qc7 22. Re1 Rc8 23. d5 Rd8 24. a4 g6 25. axb5 Rxd5 26. Qa4 Qf4 27.
Qxa7 Rxb5 28. Qa8+ Rb8 29. Qe4 Qxe4 30. Rxe4 Rb3 31. g3 R8xb4 32. Ree1 Rb2 33.
Kg2 Rc2 34. Rec1 Rd2 35. Rc8+ Kg7 36. Raa8 Rbb2 37. Rg8+ Kf6 38. Kf3 Rxf2+ 39.
Ke4 Rxh2 40. Ra3 Rbe2+ 41. Kf4 e5+ 0-1

[Event "Lichtenberger Sommer 2024"]
[Site "Berlin"]
[Date "2024.08.10"]
[Round "1.62"]
[White "Schmidt, Fabian"]
[Black "Oortmann, Alexis Miles"]
[Result "1-0"]
[WhiteElo "1934"]
[BlackElo "1676"]
[PlyCount "107"]
[EventDate "2024.08.10"]
[WhiteTeam "SV Königsjäger Süd-West e.V."]
[BlackTeam "SSV Rotation Berlin e.V."]

1. e4 c5 2. Nf3 g6 3. d4 cxd4 4. Nxd4 Nf6 5. Nc3 Nc6 6. Nb3 d6 7. f3 Bg7 8. Be3
O-O 9. Qd2 Be6 10. O-O-O Bxb3 11. cxb3 Qa5 12. Kb1 Rac8 13. g4 a6 14. h4 h5 15.
g5 Nd7 16. Bh3 Rfd8 17. Nd5 Qxd2 18. Rxd2 e6 19. Nc3 Nde5 20. Rf1 b5 21. f4 Nd7
22. Rxd6 Bf8 23. Rdd1 Nc5 24. f5 exf5 25. exf5 Rxd1+ 26. Nxd1 gxf5 27. Rxf5 Ne6
28. Rf1 Re8 29. Nc3 Ned4 30. Nd5 Bg7 31. Bg2 Ne2 32. Rf2 Ncd4 33. Bd2 Ng3 34.
Nc7 Rc8 35. Nxa6 Rc2 36. Nb4 Rc5 37. Bd5 Ngf5 38. g6 Nxh4 39. gxf7+ Kf8 40. Be3
Rc7 41. Bf4 Rxf7 42. Bxf7 Kxf7 43. Be5+ Nhf5 44. Bxg7 Kxg7 45. Nc2 Kg6 46. Rg2+
Kf6 47. Nxd4 Nxd4 48. Kc1 h4 49. Kd2 h3 50. Rg3 h2 51. Rh3 Kf5 52. Ke3 Nc2+ 53.
Kf2 h1=N+ 54. Rxh1 1-0

[Event "Lichtenberger Sommer 2024"]
[Site "Berlin"]
[Date "2024.08.10"]
[Round "1.63"]
[White "Pruner, Ulf"]
[Black "Baranowsky, Peter"]
[Result "0-1"]
[WhiteElo "1676"]
[BlackElo "1933"]
[PlyCount "48"]
[EventDate "2024.08.10"]

1. b4 e5 2. Bb2 d6 3. e3 Nf6 4. Be2 Be7 5. a4 O-O 6. Nf3 e4 7. Ng1 d5 8. b5 c5
9. h3 a6 10. c4 d4 11. exd4 cxd4 12. Ba3 d3 13. Bg4 Bxa3 14. Rxa3 Qd6 15. Rc3
Nbd7 16. Bxd7 Nxd7 17. g4 f5 18. g5 Nc5 19. h4 f4 20. h5 e3 21. h6 exf2+ 22.
Kf1 fxg1=Q+ 23. Rxg1 Bh3+ 24. Rg2 f3 0-1

[Event "Lichtenberger Sommer 2024"]
[Site "Berlin"]
[Date "2024.08.10"]
[Round "1.64"]
[White "Schmidt, Dietrich"]
[Black "Geiß, Anne"]
[Result "1-0"]
[WhiteElo "1932"]
[BlackElo "1669"]
[PlyCount "77"]
[EventDate "2024.08.10"]
[WhiteTeam "SV Empor Berlin e.V."]
[BlackTeam "SC Kreuzberg e.V."]

1. e4 c5 2. Nc3 e6 3. Bc4 a6 4. a4 Nc6 5. f4 Qc7 6. d3 Nge7 7. Nf3 Ng6 8. O-O
Be7 9. f5 Nge5 10. Ba2 d6 11. Ng5 Bxg5 12. Bxg5 f6 13. Be3 exf5 14. exf5 Ne7
15. Qh5+ Kd8 16. d4 cxd4 17. Bxd4 b6 18. Bxe5 Qc5+ 19. Kh1 Qxe5 20. Rae1 Qc5
21. Rxe7 Kxe7 22. Qf7+ Kd8 23. Qxg7 Re8 24. Qxf6+ Kd7 25. Be6+ Rxe6 26. Qxe6+
Kc6 27. Qe8+ Kb7 28. Re1 Bd7 29. Qxd7+ Qc7 30. Qe7 Qxe7 31. Rxe7+ Kc6 32. Rxh7
Rf8 33. g4 d5 34. Kg2 Kd6 35. Kf3 d4 36. Ne4+ Kd5 37. f6 Ke5 38. Re7+ Kd5 39.
g5 1-0

[Event "Lichtenberger Sommer 2024"]
[Site "Berlin"]
[Date "2024.08.10"]
[Round "1.65"]
[White "Albrecht, Constantin"]
[Black "Muskewitz, Bernd"]
[Result "0-1"]
[WhiteElo "1667"]
[BlackElo "1927"]
[PlyCount "89"]
[EventDate "2024.08.10"]
[WhiteTeam "SV Empor Berlin e.V."]
[BlackTeam "SF Nordost Berlin"]

1. f4 e5 2. fxe5 d6 3. exd6 Bxd6 4. Nf3 g5 5. g3 Nc6 6. d4 g4 7. Nh4 Nxd4 8.
Be3 Nc6 9. Nd2 Be7 10. Ng2 Bf5 11. Nf4 Nb4 12. Rc1 Nxa2 13. Bg2 Nxc1 14. Qxc1
c6 15. O-O Nf6 16. Nh5 Be6 17. Ng7+ Kd7 18. Nxe6 fxe6 19. Nc4 Kc8 20. Qa1 Kd7
21. Rd1+ Nd5 22. Ne5+ Ke8 23. c4 Qc7 24. cxd5 Qxe5 25. Bd4 Bc5 26. Bxc5 Rg8 27.
Qc1 exd5 28. Rd3 Kd8 29. Re3 Qf5 30. b4 Re8 31. Rxe8+ Kxe8 32. Qe3+ Kf7 33.
Qe7+ Kg6 34. e4 Qf7 35. Qh4 h5 36. Be7 Re8 37. Qg5+ Kh7 38. Bf6 dxe4 39. Qf5+
Qg6 40. Qd7+ Kh6 41. h4 gxh3 42. Bxh3 Qxg3+ 43. Bg2 Rf8 44. Qd2+ e3 45. Qe2 0-1

[Event "Lichtenberger Sommer 2024"]
[Site "Berlin"]
[Date "2024.08.10"]
[Round "1.66"]
[White "Reddi, Bhuvana"]
[Black "Koerber, Bernhard"]
[Result "1-0"]
[WhiteElo "1927"]
[BlackElo "1662"]
[PlyCount "33"]
[EventDate "2024.08.10"]
[WhiteTeam "SC Weisse Dame e.V."]
[BlackTeam "SG Lasker Steglitz"]

1. e4 e6 2. d4 d5 3. Nc3 Bb4 4. e5 c5 5. a3 Bxc3+ 6. bxc3 Nc6 7. Qg4 Kf8 8. h4
h6 9. Ne2 Nge7 10. Rh3 Nf5 11. Qf4 h5 12. a4 c4 13. Ng3 Nxg3 14. Rxg3 Rg8 15.
Rf3 f6 16. exf6 Qxf6 17. Qd6+ 1-0

[Event "Lichtenberger Sommer 2024"]
[Site "Berlin"]
[Date "2024.08.10"]
[Round "1.67"]
[White "Bradschetl, Tom"]
[Black "Meister, Alexander"]
[Result "1-0"]
[WhiteElo "1662"]
[BlackElo "1925"]
[Annotator "Luca"]
[PlyCount "91"]
[EventDate "2024.08.10"]

{[%evp 0,77,26,25,70,-4,-4,7,32,29,37,3,-9,-14,13,3,53,48,48,16,76,13,10,32,83,
68,65,-60,-55,-85,-57,-74,-4,25,4,-34,-7,-77,7,-76,-62,-43,40,45,84,111,133,86,
60,71,58,58,60,0,-21,-93,143,106,120,129,799,757,806,823,836,854,893,736,752,
752,756,811,922,935,935,782,1100,798,924,654]} 1. e4 c6 2. f4 d5 3. e5 e6 4. d4
c5 5. Nf3 Nc6 6. Be3 c4 7. b3 b5 8. a4 Qa5+ 9. Kf2 Bd7 10. Be2 cxb3 11. cxb3 b4
12. g4 h5 13. Ne1 hxg4 14. Bxg4 g6 15. Nd2 Be7 16. Nd3 Bh4+ 17. Kf3 Nh6 18. h3
Nf5 19. Qg1 Nce7 20. Nc5 Nxe3 21. Kxe3 Nf5+ 22. Bxf5 exf5 23. Nf3 Be7 24. Rc1
Qb6 25. Ng5 Rc8 26. Nxd7 Kxd7 27. Nxf7 Rhf8 28. e6+ Qxe6+ 29. Ne5+ Ke8 30.
Qxg6+ Qxg6 31. Rxc8+ Bd8 32. Nxg6 Rg8 33. Ne5 Rg3+ 34. Nf3 Kd7 35. Ra8 Bb6 36.
Kf2 Rg7 37. Rg1 Re7 38. h4 Re4 39. Kg3 Re3 40. Re1 Rxb3 41. Re5 Ra3 42. Rxd5+
Kc6 43. Rxf5 Bxd4 44. Rc8+ Kb7 45. Rc4 Bc3 46. Rb5+ 1-0

[Event "Lichtenberger Sommer 2024"]
[Site "Berlin"]
[Date "2024.08.10"]
[Round "1.68"]
[White "Fock, Madiha"]
[Black "Bashirova, Sona"]
[Result "1-0"]
[WhiteElo "1922"]
[BlackElo "1652"]
[PlyCount "97"]
[EventDate "2024.08.10"]
[WhiteTeam "TSG Oberschöneweide e.V."]
[BlackTeam "SV Empor Berlin e.V."]

1. e4 c5 2. Nf3 Nc6 3. d4 cxd4 4. Nxd4 Nf6 5. Nc3 e5 6. Ndb5 d6 7. Bg5 a6 8.
Na3 b5 9. Nd5 Be7 10. Bxf6 Bxf6 11. c3 Bg5 12. Nc2 O-O 13. Be2 f5 14. exf5 Bxf5
15. Nce3 Bg6 16. Bg4 Ne7 17. Be6+ Kh8 18. O-O Nxd5 19. Nxd5 Ra7 20. Qg4 Bf7 21.
Rad1 Bxe6 22. Qxe6 Raf7 23. Rd3 Qb8 24. Ne3 Qa7 25. Qxd6 Bxe3 26. Rxe3 Qxe3 27.
Qxf8+ Rxf8 28. fxe3 Rxf1+ 29. Kxf1 Kg8 30. Ke2 Kf7 31. Kd3 Kf6 32. Ke4 Ke6 33.
b3 g6 34. c4 bxc4 35. bxc4 h5 36. h4 a5 37. c5 a4 38. a3 Kf6 39. c6 Ke6 40. c7
Kd7 41. Kxe5 Kxc7 42. Kf6 Kd6 43. e4 Kd7 44. e5 Ke8 45. Ke6 Kd8 46. Kf7 Kd7 47.
e6+ Kd6 48. e7 g5 49. e8=Q 1-0

[Event "Lichtenberger Sommer 2024"]
[Site "Berlin"]
[Date "2024.08.10"]
[Round "1.69"]
[White "Sauer, Jakob"]
[Black "Jeß, Arne"]
[Result "1-0"]
[WhiteElo "1644"]
[BlackElo "1918"]
[PlyCount "113"]
[EventDate "2024.08.10"]
[WhiteTeam "TSG Oberschöneweide e.V."]
[BlackTeam "TSG Rot-Weiß Fredersdorf/Vogelsd"]

1. e4 c5 2. Nf3 d6 3. Nc3 Nc6 4. d4 cxd4 5. Nxd4 g6 6. Bc4 Bg7 7. Be3 Nf6 8.
Nxc6 bxc6 9. Qd2 Ng4 10. Bf4 Ne5 11. Bb3 Ba6 12. Bh6 O-O 13. Bxg7 Kxg7 14. h4
h5 15. Nd1 c5 16. f4 Ng4 17. c3 Qb6 18. Ne3 Nxe3 19. Qxe3 Rab8 20. Rb1 Qa5 21.
Kf2 Kh7 22. c4 Qc7 23. Qd3 d5 24. g3 dxe4 25. Qxe4 Bb7 26. Qe2 Bxh1 27. Rxh1
Rbd8 28. Re1 e6 29. Bc2 Qa5 30. Qxh5+ Kg7 31. Qe5+ f6 32. Qxe6 Rd2+ 33. Re2
Rxe2+ 34. Qxe2 Qc7 35. f5 Qe5 36. fxg6 Qxe2+ 37. Kxe2 f5 38. h5 Kh6 39. Ke3
Kxh5 40. g7 Rg8 41. Bxf5 Rxg7 42. g4+ Kg5 43. Ke4 Kf6 44. Kd5 Ke7 45. Kxc5 Kd8
46. b4 Kc7 47. a4 Re7 48. a5 Re1 49. b5 Ra1 50. b6+ Kb8 51. Kb5 Ra2 52. c5 Rb2+
53. Ka6 axb6 54. axb6 Rb3 55. c6 Ra3+ 56. Kb5 Rb3+ 57. Kc5 1-0

[Event "Lichtenberger Sommer 2024"]
[Site "Berlin"]
[Date "2024.08.10"]
[Round "1.70"]
[White "Grillich, Alexander"]
[Black "Stark, Steven"]
[Result "1/2-1/2"]
[WhiteElo "1915"]
[BlackElo "1642"]
[PlyCount "111"]
[EventDate "2024.08.10"]
[WhiteTeam "SC Rochade e.V."]
[BlackTeam "BSC Rehberge 1945 e.V."]

1. e4 b6 2. d4 a5 3. Nf3 Nf6 4. Nc3 Bb7 5. Bd3 g6 6. O-O Bg7 7. Qe2 O-O 8. e5
Ne8 9. Rd1 Na6 10. Be4 Qc8 11. Nd5 Bxd5 12. Bxd5 c6 13. Bc4 d5 14. exd6 Nxd6
15. Bxa6 Rxa6 16. Qxe7 Nf5 17. Qe2 Re8 18. Qf1 Ra8 19. c3 Qc7 20. g3 Rad8 21.
Bf4 Qb7 22. Re1 c5 23. Rxe8+ Rxe8 24. Qb5 Re7 25. Ne5 cxd4 26. Nc6 Rd7 27. cxd4
Nxd4 28. Nxd4 Bxd4 29. Re1 Qc8 30. h4 Kg7 31. h5 h6 32. hxg6 fxg6 33. Be5+ Bxe5
34. Qxe5+ Kh7 35. Qf6 Qd8 36. Qxd8 Rxd8 37. Re7+ Kg8 38. Re6 Kf7 39. Rxb6 Rd5
40. Kf1 h5 41. Ke2 g5 42. a4 h4 43. gxh4 gxh4 44. Rb5 Ke6 45. Kf3 Rf5+ 46. Kg2
h3+ 47. Kxh3 Rxf2 48. Kg3 Rf5 49. Rb8 Rd5 50. Kf4 Rd4+ 51. Ke3 Rxa4 52. Kd3 Kd6
53. Kc3 Kc6 54. Kb3 Ra1 55. Rc8+ Kb5 56. Rb8+ 1/2-1/2

[Event "Lichtenberger Sommer 2024"]
[Site "Berlin"]
[Date "2024.08.10"]
[Round "1.71"]
[White "Zesewitz, Uwe"]
[Black "Schmidt, Jürgen"]
[Result "0-1"]
[WhiteElo "1629"]
[BlackElo "1915"]
[PlyCount "86"]
[EventDate "2024.08.10"]

1. f4 d5 2. Nf3 Nf6 3. e3 g6 4. d3 Bg7 5. Be2 O-O 6. O-O c5 7. c3 Nc6 8. Qe1
Qc7 9. Nbd2 b5 10. d4 c4 11. Ne5 e6 12. Qh4 Ne8 13. g4 f6 14. Nxc6 Qxc6 15. Rf2
Nd6 16. Bf3 a5 17. Nf1 Ra7 18. Bd2 Ne4 19. Bxe4 dxe4 20. Ng3 Raf7 21. Qh3 e5
22. Raf1 exd4 23. cxd4 f5 24. g5 b4 25. Rc1 Qe6 26. Ne2 Ba6 27. Qf1 Rc8 28. a3
Qb6 29. Rb1 Qd6 30. Qe1 Rb7 31. h4 Bf8 32. Ng3 Rbc7 33. h5 c3 34. bxc3 bxc3 35.
Bc1 Bd3 36. Ra1 Rb8 37. a4 c2 38. Bd2 Rb1 39. Rxb1 cxb1=Q 40. Qxb1 Bxb1 41.
hxg6 hxg6 42. Ne2 Qa3 43. Rf1 Qd3 0-1

[Event "Lichtenberger Sommer 2024"]
[Site "Berlin"]
[Date "2024.08.10"]
[Round "1.72"]
[White "Guder, Sibylle"]
[Black "Majewski, Nico"]
[Result "1-0"]
[WhiteElo "1915"]
[BlackElo "1623"]
[Annotator "Luca"]
[PlyCount "111"]
[EventDate "2024.08.10"]

{[%evp 0,107,26,-18,5,-33,31,22,12,31,13,-28,-10,-25,-32,-9,-8,-21,-28,-23,16,
-17,22,-10,-6,-19,-10,-8,-1,-9,73,49,57,53,47,22,34,-4,16,-41,-29,-21,-1,6,-17,
-26,-31,-12,-26,-15,34,36,66,89,109,68,66,66,141,59,65,61,61,53,53,53,89,98,89,
96,122,136,145,162,170,172,222,162,170,175,180,171,180,179,197,117,113,113,113,
113,120,118,113,113,113,113,115,115,115,115,188,247,252,258,258,288,738,1002,
1012,1022]} 1. c4 Nf6 2. Nc3 g6 3. g3 Bg7 4. Bg2 c5 5. e4 Nc6 6. Nge2 O-O 7.
O-O d6 8. h3 Ne8 9. d3 f5 10. Rb1 Nf6 11. Nf4 e5 12. Nfd5 Nxd5 13. Nxd5 Be6 14.
exf5 gxf5 15. f4 Nd4 16. Be3 a5 17. Nc3 Rb8 18. a4 Rf6 19. fxe5 Rg6 20. exd6
Qxd6 21. Bf4 Be5 22. Nb5 Nxb5 23. axb5 Bxf4 24. gxf4 Rg3 25. Rf3 Rxf3 26. Qxf3
Rd8 27. Bf1 Kh8 28. Qe3 Qd4 29. Kf2 Kg7 30. Qxd4+ Rxd4 31. Ke3 b6 32. Be2 h6
33. b4 axb4 34. Rxb4 Rd6 35. Ra4 Kg6 36. Ra7 Bd7 37. Bf3 Kf6 38. Ra8 Ke7 39.
Rg8 Re6+ 40. Kd2 Kd6 41. Bh5 Rf6 42. Rg6 Rxg6 43. Bxg6 Ke7 44. Ke3 Kd6 45. d4
cxd4+ 46. Kxd4 Be6 47. Be8 Bc8 48. Bf7 Bd7 49. Bd5 Bc8 50. c5+ bxc5+ 51. Kc4
Bd7 52. b6 Bc6 53. Bxc6 Kxc6 54. b7 Kxb7 55. Kxc5 Kc7 56. Kd5 1-0

[Event "Lichtenberger Sommer 2024"]
[Site "Berlin"]
[Date "2024.08.10"]
[Round "1.73"]
[White "Aisch, Julian"]
[Black "Hoppe, Arthur"]
[Result "0-1"]
[WhiteElo "1622"]
[BlackElo "1913"]
[PlyCount "44"]
[EventDate "2024.08.10"]
[WhiteTeam "SF Nordost Berlin"]
[BlackTeam "SC Kreuzberg e.V."]

1. d4 Nf6 2. c4 g6 3. Nc3 d5 4. Bf4 Bg7 5. e3 O-O 6. Be2 c5 7. Nf3 cxd4 8. Nxd4
Ne4 9. Bxb8 Nxc3 10. bxc3 Rxb8 11. Qb3 dxc4 12. Bxc4 e5 13. Nc6 bxc6 14. Qxb8
Qg5 15. Qxa7 Qxg2 16. Rf1 Bh3 17. a4 Qe4 18. Be2 Qc2 19. Qc5 e4 20. Ra3 Qc1+
21. Bd1 Rd8 22. Ke2 Qd2# 0-1

[Event "Lichtenberger Sommer 2024"]
[Site "Berlin"]
[Date "2024.08.10"]
[Round "1.74"]
[White "Hauer, Andreas"]
[Black "Ahmadov, Ahmad"]
[Result "1-0"]
[WhiteElo "1911"]
[BlackElo "1620"]
[Annotator "Luca"]
[PlyCount "52"]
[EventDate "2024.08.10"]

{[%evp 0,52,26,24,24,5,25,-37,-38,-38,-38,23,9,-12,-6,2,9,8,26,-6,0,-19,3,14,
14,-31,-55,-65,-83,-81,20,32,402,51,74,8,67,-9,6,0,130,132,165,38,47,20,113,81,
67,69,902,115,1173,0,29999]} 1. e4 e5 2. Nf3 Nc6 3. c3 Nf6 4. d4 exd4 5. e5 Nd5
6. cxd4 Bb4+ 7. Bd2 Bxd2+ 8. Nbxd2 O-O 9. Bd3 d6 10. Be4 dxe5 11. dxe5 Re8 12.
O-O Nxe5 13. Nxe5 Rxe5 14. Re1 f5 15. Bf3 Qf6 16. Bxd5+ Rxd5 17. Qb3 Qf7 18.
Re8+ Qxe8 19. Qxd5+ Qe6 20. Qd8+ Kf7 21. Qxc7+ Qd7 22. Rc1 b6 23. Qf4 Kg8 24.
Rc7 Qe6 25. Nf3 Qxa2 26. Qg5 Qxb2 1-0

[Event "Lichtenberger Sommer 2024"]
[Site "Berlin"]
[Date "2024.08.10"]
[Round "1.75"]
[White "Goldmann, Nils"]
[Black "Grassi, Fabrizio"]
[Result "0-1"]
[WhiteElo "1611"]
[BlackElo "1907"]
[PlyCount "86"]
[EventDate "2024.08.10"]
[WhiteTeam "vereinslos"]
[BlackTeam "SV Berlin-Friedrichstadt"]

1. e4 d5 2. exd5 Nf6 3. c4 e6 4. dxe6 Bxe6 5. d4 Bb4+ 6. Bd2 Qe7 7. Bxb4 Qxb4+
8. Qd2 Qe7 9. Bd3 Bxc4+ 10. Ne2 Bxd3 11. Qxd3 O-O 12. O-O Nc6 13. Nbc3 Rad8 14.
Qb5 Qb4 15. Rfd1 Rfe8 16. Rd2 Ne4 17. Qxb4 Nxb4 18. Nxe4 Rxe4 19. a3 Nd5 20. f3
Re7 21. Kf2 f5 22. Rc1 c6 23. Re1 Rde8 24. Rc1 Kf7 25. Ng3 g6 26. h4 Nf4 27.
Rh1 Kf6 28. Rhd1 h6 29. Rh1 Rd7 30. Re1 Rxe1 31. Kxe1 Rd5 32. Kf2 c5 33. Ne2
Nxe2 34. Kxe2 Rxd4 35. Rc2 b6 36. g3 g5 37. hxg5+ hxg5 38. Rc1 c4 39. Rh1 Rd3
40. Rh7 Rb3 41. Rxa7 Rxb2+ 42. Ke3 Rb3+ 43. Ke2 g4 0-1